Missing Word: Rhyming Clichés Quiz Stats

 Plays Quiz Updated Nov 1, 2014

Support Sporcle.
Go Orange.
Score 0/30 Timer 04:00
0 Plays Today
Cliché Rhyming Word % Correct
A blast from the ___Past
99.1%
No pain, no ___Gain
97.4%
Shop til you ___Drop
95.4%
Step on a crack, break your mother's ___Back
95.1%
Finders keepers, losers ___Weepers
95%
Go with the ___Flow
95%
See you later, ___Alligator
94.9%
Take a chill ___Pill
94.4%
Be there or be ___Square
94.2%
He's the real ___Deal
94%
Ants in the ___Pants
92.4%
Snug as a bug in a ___Rug
91.7%
Put the pedal to the ___Metal
91.2%
The bee's ___Knees
90.1%
Fun in the ___Sun
90%
Cliché Rhyming Word % Correct
My way or the ___Highway
90%
When the cat's away, the mouse will ___Play
89.7%
Cruisin' for a ___Bruisin'
89.6%
No way, ___José
88.9%
Drunk as a ___Skunk
87.8%
Haste makes ___Waste
83.5%
Red sky at night, sailor's ___Delight
81.4%
Large and in ___Charge
80.8%
Red sky in the morning, sailor's ___Warning
75.4%
Hot to ___Trot
74.4%
Dress for ___Success
71%
By hook or by ___Crook
70%
Thick as a ___Brick
62.3%
Made in the ___Shade
59.6%
The stronger the breeze the stronger the ___Trees
27%

Today's Daily Dose

From the Vault

1-10 Letter F Words II

by sproutcm

Are we skipping a certain 4 lettered one? You gotta take the quiz to find out.
Remove Ads.
Support Sporcle.
Get the best of Sporcle when you Go Orange. This ad-free experience offers more features, more stats, and more fun while also helping to support Sporcle. Thank you for becoming a member.

Show Comments

Extras

Top Quizzes Today


Score Distribution

Your Account Isn't Verified!

In order to create a playlist on Sporcle, you need to verify the email address you used during registration. Go to your Sporcle Settings to finish the process.

Report this User

Report this user for behavior that violates our Community Guidelines.

Details: